|
|
|
|
| LEADER |
00000nam a2200000 a 4500 |
| 001 |
vtls001319805 |
| 003 |
SK-MaSNL |
| 005 |
20260301235453.0 |
| 008 |
240318sm y0 xo 0 und |
| 035 |
|
|
|a SNK000272424
|
| 040 |
|
|
|a SNK
|b slo
|c SNK
|e AACR2
|
| 044 |
|
|
|a xo
|c SK
|
| 100 |
1 |
|
|a Malý, Petr
|4 aut
|9 8402
|
| 245 |
1 |
0 |
|a Zapojenie diferenčného optoelektronického senzora. H 03K 17/62
|
| 260 |
|
|
|a Banská Bystrica
|b Úrad priemyselného vlastníctva SR
|c 1998
|
| 300 |
|
|
|a 3 s.
|
| 999 |
|
|
|c 975162
|d 977092
|
| 952 |
|
|
|t P60, <04>, [BOOK], {604}
|a SNK
|b SNK
|y VYP
|7 0
|p 17A0118152
|o snkSK 278720
|i snkPS 61/98
|0 0
|1 0
|4 0
|d 1998-02-06
|l 0
|r 2005-01-02 00:00:00
|w 2026-02-24
|